000 01282nam a2200253 a 4500
001 000037872
003 OSt
005 20240301141933.0
008 130307s2013 dr ad 000 0 spa d
020 _a9789945883268
040 _aDO-SdBNP
_bspa
_cBNPHU
082 _a347.7293
_bR426r
110 1 _aRepública Dominicana
_bPoder Judicial
_964318
245 1 0 _aResumen de un año de trabajo 2012 :
_bdía del Poder Judicial 7 enero 2013 /
_ccoordinación general, Magistrado Mariano Germán Mejía, Presidente de la Suprema Corte de Justicia y del Consejo del Poder Judicial.
_h
260 _aSanto Domingo :
_bPoder Judicial,
_c2013.
300 _a206 p. :
_bil., gráf. ;
_c24 cm.
505 _tIntroducción --
_tSuprema corte de justicia --
_tLabor disciplinaria --
_tConsejo del PoderJjudicial --
_tLabor administrativa --
_tEncuentros departamentales --
_tPlan estratégico del poder judicial 2009-2013 --
_tLabor disciplinaria --
_tJurisdicción inmobiliaria.
590 _aInventariado, 2018/LP
650 4 _aAdministración de justicia
_zRepública Dominicana
_910274
650 4 _aPoder judicial
_zRepública Dominicana
_910058
700 1 _aGermán M., Mariano,
_d1946-
_q(Germán Mejía)
_ecoord., introd.
_99311
910 _aValidado. Control de calidad MFF
942 _2ddc
_cLBS1
999 _c37362
_d37362